01050nam a22002651 450000100060000000300080000600500170001400800410003103500190007203500180009104000570010904100080016608200280017410000380020224500720024026000430031230000300035550400310038550500960041665000440051265100520055694200120060899900170062095201470063736200BD-RjUL20211209052441.0140617m19601962enka b 000 0 eng d a(BD-RjUL)36297 a(OCoLC)501874 aDLCcODaWUdOCoLCdCLUdUkdOCoLCdDLCdBD-RjULbeng aeng a324.20942bJEP V-1 19601 aJennings, Ivor,d1903-1965.9823410aParty politics /cJennings, Ivor,nVolume I :pAppeal to the People aCambridge :bUniversity Press,c19600. a387 p. ;btables.c24 cm. aBibliographical footnotes.0 av. 1. Appeal to the people. -- v. 2. The growth of parties. -- v. 3. The stuff of politics. 0aPolitical partieszGreat Britain.96869 0aGreat BritainxPolitics and government.9110165 2ddccBK c36200d36200 00102ddc40718NFICaRUCLbRUCLcReadingd1966-12-28eZeitlingerg50.00l0o324.20942 JEP V-1 1960r2014-06-17 00:00:00tC-1w2021-12-09yBK